000 00965nas a2200313 4500
001 BR8108094
003 BR-BrBNA
005 20231205084934.0
007 ta
008 230509b bl.|||p| |||| 00| 00por d
040 _aBR-BrBNA
_bpor
_cBiblioteca Nacional de Agricultura
041 _a(Pt)
072 _aL30
100 1 _aNunes, R. da C.
100 1 _aLopes, E.L.
100 1 _aCorrea, A. do E.S.
100 1 _aCavalcanti, S. de S.
100 1 _aAnselmo, F.P.
245 1 _aTerra e sua associacao com ferro dextran no desempenho de leitoes em aleitamento [confinamento, Brasil]
650 _aSUÍNO
650 _aALEITAMENTO
650 _aCONFINAMENTO
650 _aGOIAS
650 _aFERRO
650 _aPERFORMANCE
773 0 _tAnais da Escola de Agronomia e Veterinaria - Universidade Federal de Goias (Brazil)
_xISSN 0100-218X
_g(1981), v. 11(1) p. 69-76
_wBR8108094
909 _a202311
_bLúcia
_c55
_dLúcia Elande
942 _2AGRIS
_n0
_cANA
999 _c108238
_d108238